000 00514nam a2200181Ia 4500
008 090124s9999 xx 000 0 und d
082 _b10418
_a1305
100 _aगावकर स.शि.
245 _a राक्षसी लालसा
250 _a1
260 _c1959
300 _a74
600 _aगावकर स.शि.
630 _a राक्षसी लालसा
700 _aगावकर स.शि.
730 _a राक्षसी लालसा
942 _cBOOK
999 _c124555
_d124555